New York : (Post nr. 57107)

MARC-detaljer
000 -LEADER
fixed length control field 01840cam a2200517 ar4500
001 - CONTROL NUMBER
control field 10237254
003 - CONTROL NUMBER IDENTIFIER
control field LIBRIS
005 - DATE AND TIME OF LATEST TRANSACTION
control field 20210329130716.0
008 - FIXED-LENGTH DATA ELEMENTS--GENERAL INFORMATION
fixed length control field 061012s2007 sw |||| |00| 0 swe
020 ## - INTERNATIONAL STANDARD BOOK NUMBER
International Standard Book Number 9789178864669
020 ## - INTERNATIONAL STANDARD BOOK NUMBER
International Standard Book Number 9178864666
040 ## - CATALOGING SOURCE
Original cataloging agency LGEN
Modifying agency NB
041 1# - LANGUAGE CODE
Language code of text/sound track or separate title swe
Language code of original eng
082 04 - DEWEY DECIMAL CLASSIFICATION NUMBER
Classification number 917.3
Edition number 22 (machine generated)
084 ## - OTHER CLASSIFICATION NUMBER
Classification number Nqaz New York.08
Number source kssb/8
100 1# - MAIN ENTRY--PERSONAL NAME
Personal name Berman, Eleanor,
Dates associated with a name 1934-
Authority record control number or standard number 343172
240 10 - UNIFORM TITLE
Uniform title New York.
Language of a work Svenska
245 10 - TITLE STATEMENT
Title New York :
Remainder of title [10 omistliga museer & gallerier, 10 bästa matställena ...] /
Statement of responsibility, etc. Eleanor Berman ; [översättning: Lisa Carlsson]
250 ## - EDITION STATEMENT
Edition statement 3., aktualiserade utg.
260 ## - PUBLICATION, DISTRIBUTION, ETC.
Place of publication, distribution, etc. Stockholm :
Name of publisher, distributor, etc. Streiffert,
Date of publication, distribution, etc. 2007
Place of manufacture (Kina)
300 ## - PHYSICAL DESCRIPTION
Extent 192 s. :
Other physical details ill. (huvudsakligen i färg) ;
Dimensions 19 cm
440 #0 - SERIES STATEMENT/ADDED ENTRY--TITLE
Title Första klass pocketguider
651 #7 - SUBJECT ADDED ENTRY--GEOGRAPHIC NAME
Geographic name New York
Source of heading or term sao
655 #7 - INDEX TERM--GENRE/FORM
Genre/form data or focus term Guideböcker
Source of term saogf
Authority record control number or standard number 353451
700 1# - ADDED ENTRY--PERSONAL NAME
Personal name Carlsson, Lisa,
Dates associated with a name 1972-
Relationship trl
Authority record control number or standard number 355602
775 0# - OTHER EDITION ENTRY
Title New York
Place, publisher, and date of publication 2005
International Standard Book Number 91-7886-347-3
Record control number 9712779
942 ## - ADDED ENTRY ELEMENTS (KOHA)
Source of classification or shelving scheme Other/Generic Classification Scheme
Koha item type Bok
Bestånd
Withdrawn status Lost status Source of classification or shelving scheme Damaged status Not for loan Home library Current library Date acquired Total Checkouts Full call number Barcode Date last seen Price effective from Koha item type
    Other/Generic Classification Scheme     Karlskoga Lasarettsbibliotek Karlskoga Lasarettsbibliotek 29/03/2021   Nq 8901939097002 29/03/2021 29/03/2021 Bok
Medicinska biblioteket, Karlskoga lasarett
Måndag och onsdag: 10.00-14.30, Lunchstängt 11.30-12.00.
Fredagar: 10.00-12.00.

Madelene Ribbing, bibliotekarie
Lena Mileraux, biblioteksassistent/administratör
0586-664 49
medbibl.kgalas@regionorebrolan.se




Medicinska biblioteket, Lindesbergs lasarett
Dörren till bibliotket är upplåst mellan 07-16:00 på vardagar.
Dörren i hisshallen är öppen måndag - tosdag 7.00 - 15.00. Fredagar stängt.

Bibliotekets bemanning:
Mån: självbetjäning
Tis, ons och tors: 10-15
Fre: självbetjäning

Madelene Ribbing, bibliotekarie
Telefon: 0581-853 11, 072-14 77 552
medbibl.lbglas@regionorebrolan.se